Estatísticas para Os 15 principais países com mortes por Covid19 - 1 de agosto

Clique aqui para jogar o quiz

Estatísticas Gerais

  • Esse quiz foi jogado 2 vezes
  • A pontuação média é 17 de 20

Estatísticas das Respostas

país% Correto
Alemanha
100%
Brasil
100%
Chile
100%
Colômbia
100%
Equador
100%
Espanha
100%
Estados Unidos
100%
França
100%
Índia
100%
Irão
100%
México
100%
Peru
100%
Reino Unido
100%
Suécia
100%
Bélgica
50%
Itália
50%
Países Baixos
50%
Panamá
50%
Rússia
50%
Irlanda
0%

Distribuição das Pontuações

Percentil de Números Respondidos

Porcentagem de Pessoas com Cada Pontuação

Sua Pontuação Histórica

Você não jogou esse quiz